000 00380nam a2200169Ia 4500
001 8829
003 IN-NITTTR
005 20251114233041.0
008 251113s9999||||xx |||||||||||||| ||eng||
040 _beng
040 _cIN-NITTTR
041 _aeng
082 _a530 P414P
100 _aPerelman, Ya
245 0 _aPhysics for entertainment /
_cPerelman, Ya
942 _2ddc
_cBK
999 _c11466
_d11466